Fundamentals of information technology (Record no. 4156)

000 -LEADER
fixed length control field 00380 a2200145 4500
020 ## - INTERNATIONAL STANDARD BOOK NUMBER
International Standard Book Number 8125907890
082 ## - DEWEY DECIMAL CLASSIFICATION NUMBER
Classification number 004 LEO
090 ## - LOCALLY ASSIGNED LC-TYPE CALL NUMBER (OCLC); LOCAL CALL NUMBER (RLIN)
-- 150
-- 150
100 ## - MAIN ENTRY--PERSONAL NAME
Personal name Leon, Alexis
245 ## - TITLE STATEMENT
Title Fundamentals of information technology
Statement of responsibility, etc. Mathews Leon
260 ## - PUBLICATION, DISTRIBUTION, ETC.
Place of publication, distribution, etc. New Delhi
Name of publisher, distributor, etc. Leon Techworld
Date of publication, distribution, etc. 1999
300 ## - PHYSICAL DESCRIPTION
Extent paging varies)
Dimensions 24 cm.
650 ## - SUBJECT ADDED ENTRY--TOPICAL TERM
Topical term or geographic name entry element Information Technology.
942 ## - ADDED ENTRY ELEMENTS (KOHA)
Koha item type Book
Call number prefix 004 LEO
Holdings
Withdrawn status Lost status Damaged status Not for loan Collection code Permanent Location Current Location Shelving location Date acquired Source of acquisition Cost, normal purchase price Total Checkouts Total Renewals Full call number Barcode Date last seen Date last checked out Price effective from Koha item type
          NUST Law School (NLS) NUST Law School (NLS) First Floor - Computer Science 12/08/2001 Oxford University Press 300.00 1 3 004 LEO SEECS001541 02/19/2024 09/13/2023 01/05/2017 Book
© 2023 Central Library, National University of Sciences and Technology. All Rights Reserved.